Unpopular Missionary (Record no. 5681)

MARC details
000 -LEADER
fixed length control field 00578nam a2200241 a 4500
020 ## - INTERNATIONAL STANDARD BOOK NUMBER
ISBN
082 00 - DEWEY DECIMAL CLASSIFICATION NUMBER
Classification number 269.2
Author Cutter DOD
100 ## - MAIN ENTRY--AUTHOR NAME
Author name Dodge, Ralph E
245 ## - TITLE STATEMENT
Title Unpopular Missionary
260 ## - PUBLICATION, DISTRIBUTION, ETC. (IMPRINT)
Place of publication New Jersey
Name of publisher Fleming H Revell Company
Year of publication 1964
300 ## - PHYSICAL DESCRIPTION
Number of Pages 167p
500 ## - GENERAL NOTE
General note includes index and biblioraphy
505 2# - FORMATTED CONTENTS NOTE
Formatted contents note Index
650 ## - SUBJECT ADDED ENTRY--TOPICAL TERM
Topical Term Evangelistic Work
942 ## - ADDED ENTRY ELEMENTS (KOHA)
Koha item type Books
700 1# -
-- Dodge, Ralph E
Holdings
Collection code Home library Current library Date acquired Cost, normal purchase price Full call number Accession Number Koha item type
  Henry Martyn Institute Library Henry Martyn Institute Library 07/13/2007 164.50 269.2 DOD 08459 Books
                   Copyright © 2026 | Henry Martyn Institute | Hyderabad | TS-500052 | INDIA | Implemented by hmi.edu.in
Hit-Count:

Powered by Koha